00926cam a22002417i 4500952014800000999001700148001000800165003000900173005001700182008004100199010001700240020002500257040002800282050002100310082001500331100003800346245006500384250001200449260011000461300005600571906004500627942001200672 00102ddc40708NFICaASLbASLcGENd2020-12-24eDonated by Prof. Husniara Huql0o207.5 DECp103480r2020-12-24 00:00:00tC-1w2020-12-24yBK c20075d200752302467BDDh-ASL20231015025837.0800527s1978 ii 000 0 eng  a 80119221  cRs15.00 ($4.50 U.S.) aDLCcDLCdDLCdBDDh-ASL00aMLCM 83/9146 (L) a207.5bDEC1 aDesai, Ziyaud-Din A.,d1925-2002.10aCentres of Islamic learning in India /cZiyaud-Din A. Desai. a1st ed. aNew Delhi :bGovernment of India, Publications Division, Ministry of Information and Broadcasting,c1978. avii, 154 p., [8] leaves of plates :bill. ;c25 cm. a7bcbccorignewd4encipf19gy-gencatlg 2ddccBK